000 00380nam a22001457a 4500
020 _a978-938878-852-6
082 _a330
_bAGA/C
100 _aAGARWALA, S.K
245 _aCORE ECONOMICS WITH VIEO LECTURES
_bFOR CLASS XII
250 _aREVISED EDITION
260 _aDELHI
_bGOYAL BROTHERS PRAKASHAN
_c2019
300 _a368
_bCD
650 _aECONOMICS REFERENCE
_zINDIA
942 _cBK
999 _c1696
_d1696